Lo cotidiano en la gestión local del riesgo de desastre con equidad de género /
En el presente artículo se realiza un encuadre teórico para explicar que para lograr la reducción del riesgo hay que llegar al conocimiento de la condición de vulnerado/a de la población e incluir acciones que partan de la realidad de la vida cotidiana de estos y estas.
Salvato in:
| Autore principale: | |
|---|---|
| Natura: | testo |
| Soggetti: | |
| Tags: |
Aggiungi Tag
Nessun Tag, puoi essere il primo ad aggiungerne!!
|
MARC
| LEADER | 00000 a a2200000 04500 | ||
|---|---|---|---|
| 001 | 40704 | ||
| 003 | |||
| 040 | |||
| 100 | |a Barrio Lozano, Jesús | ||
| 245 | |a Lo cotidiano en la gestión local del riesgo de desastre con equidad de género / |c Jesús Barrio Lozano | ||
| 520 | |a En el presente artículo se realiza un encuadre teórico para explicar que para lograr la reducción del riesgo hay que llegar al conocimiento de la condición de vulnerado/a de la población e incluir acciones que partan de la realidad de la vida cotidiana de estos y estas. | ||
| 590 | |a SJB/JUNIO2012 | ||
| 650 | |a 1.GESTION DE LOS RIESGOS | ||
| 650 | |a 2.DESASTRES NATURALES | ||
| 650 | |a 3.EQUIDAD SOCIAL | ||
| 650 | |a 4.DESARROLLO SOCIAL | ||
| 650 | |a 5.MEDIO AMBIENTE | ||
| 650 | |a 6.EL SALVADOR | ||
| 773 | |g volumen64, número720 ( , 2009), páginas 241-253 | ||
| 999 | |c 31272 |d 31272 | ||
